Toward an effective income support system: problems, prospects, and choices

Saved in:
書目詳細資料
Main Authors: Barth, Michael C (Author), Carcagno, George J (Author), Palmer, John L (Author)
格式: 圖書
語言:英语
出版: Madison University of Wisconsin 1974
主題:
標簽: 添加標簽
沒有標簽, 成為第一個標記此記錄!

MARC

LEADER 00000nam a2200000 a 4500
001 UCQ2136
003 CL-VaPUC
008 980721e19740000US |||||||||||||||||eng|d
082 0 4 |a 339.5  |b BAR  |2 21 
100 0 |a Barth, Michael C  |e author  |9 416061 
700 0 |a Carcagno, George J  |e author  |9 416062 
700 0 |a Palmer, John L  |e author  |9 416063 
245 1 0 |a Toward an effective income support system: problems, prospects, and choices 
300 |a 189 p 
942 |c BK 
945 |d 19980721 00:00:00  |a crobeson 
260 |a Madison  |b University of Wisconsin  |c 1974 
650 7 |a POLITICA MACROECONOMICA  |2 CL-VaPUC  |9 416064 
650 0 |a Bienestar social   |9 255298 
650 0 |a Política social  |9 257588 
650 0 |a Pobreza  |9 258652 
650 7 |a NECESIDADES SOCIALES  |2 CL-VaPUC  |9 347071 
650 0 |a Distribución del ingreso  |9 334288 
583 |a last modification  |c 19980721 00:00:00  |k Rodrigo Vera 
999 |c 272977  |d 272975